Instructional technology curriculum development (Record no. 238727)

MARC details
000 -LEADER
fixed length control field 00483nam a2200193Ia 4500
003 - CONTROL NUMBER IDENTIFIER
control field OSt
005 - DATE AND TIME OF LATEST TRANSACTION
control field 20260318145524.0
008 - FIXED-LENGTH DATA ELEMENTS--GENERAL INFORMATION
fixed length control field 250729s1993 xx 000 0 und d
020 ## - INTERNATIONAL STANDARD BOOK NUMBER
International Standard Book Number 9788183165785
040 ## - CATALOGING SOURCE
Transcribing agency AL
041 ## - LANGUAGE CODE
Language code of text/sound track or separate title eng
082 ## - DEWEY DECIMAL CLASSIFICATION NUMBER
Classification number 620.7 THAI
100 ## - MAIN ENTRY--PERSONAL NAME
Personal name Dr.Kokila Thangasamy
9 (RLIN) 230328
245 ## - TITLE STATEMENT
Title Instructional technology curriculum development
260 ## - PUBLICATION, DISTRIBUTION, ETC.
Place of publication, distribution, etc. Madurai
Name of publisher, distributor, etc. Maa Nilaa
Date of publication, distribution, etc. 1993
300 ## - PHYSICAL DESCRIPTION
Extent 10-6p
650 ## - SUBJECT ADDED ENTRY--TOPICAL TERM
Topical term or geographic name entry element Technology
9 (RLIN) 230329
942 ## - ADDED ENTRY ELEMENTS (KOHA)
Source of classification or shelving scheme Dewey Decimal Classification
Koha item type School of Education
Holdings
Withdrawn status Lost status Damaged status Not for loan Home library Current library Date acquired Source of acquisition Cost, normal purchase price Total Checkouts Full call number Barcode Date last seen Cost, replacement price Price effective from Koha item type
        St Aloysius Library St Aloysius Library 07/29/2025 Management Books 30.00   620.7 THAI BED04046 07/29/2025 30.00 07/29/2025 Book